[Event "VIE-ch U13 Girls"]
[Site "Ho Chi Minh City"]
[Date "2022.07.14"]
[Round "5"]
[White "Nguyen, Thanh Thuy"]
[Black "Tran, Ha Gia Linh"]
[Result "1-0"]
[WhiteElo "2137"]
[BlackElo "2129"]
[PlyCount "113"]
[EventDate "2022.07.11"]
[EventType "swiss"]
[EventRounds "9"]
[EventCountry "VIE"]
[SourceTitle "EXT 2023"]
[Source "ChessBase"]
[SourceDate "2022.10.05"]
[SourceVersion "1"]
[SourceVersionDate "2022.10.05"]
[SourceQuality "1"]

1. d4 d5 2. Nc3 Nf6 3. Bf4 a6 4. Nf3 e6 5. e3 c5 6. Be2 Be7 7. 0-0 0-0 8. dxc5 Bxc5 9. Bd3 h6 10. e4 Nc6 11. h3 Re8 12. Bg3 b5 13. exd5 exd5 14. Re1 Bb7 15. Qd2 Kh8 16. Rxe8+ Qxe8 17. Re1 Qd7 18. Ne5 Nxe5 19. Bxe5 Qc6 20. Qf4 Be7 21. Bd4 Re8 22. Qf5 Bc8 23. Qf4 b4 24. Bxf6 Bxf6 25. Rxe8+ Qxe8 26. Nxd5 Qe1+ 27. Bf1 Bxb2 28. Qxb4 Qxb4 29. Nxb4 Ba3 30. Nxa6 Bxa6 31. Bxa6 Kg8 32. Kf1 Kf8 33. Ke2 Ke7 34. Kd3 Kd6 35. Bc4 Bc5 36. f3 f5 37. g4 Ke5 38. h4 Kf4 39. Be6 fxg4 40. fxg4 Ke5 41. Bc8 Kd5 42. c4+ Ke5 43. Kc3 Bf2 44. h5 Be1+ 45. Kb3 Kd4 46. Ba6 Kc5 47. a3 Bd2 48. Kc2 Ba5 49. Kd3 Be1 50. Ke4 Bd2 51. Ke5 Bc3+ 52. Ke6 Bb2 53. a4 Kb4 54. Bb5 Kc5 55. a5 Bc3 56. a6 Kb6 57. c5+ 1-0

[Event "VIE-ch U13 Girls"]
[Site "Ho Chi Minh City"]
[Date "2022.07.14"]
[Round "6"]
[White "Tran, Ha Gia Linh"]
[Black "Nguyen, Thanh Ngoc Han"]
[Result "0-1"]
[WhiteElo "2129"]
[BlackElo "2139"]
[PlyCount "76"]
[EventDate "2022.07.11"]
[EventType "swiss"]
[EventRounds "9"]
[EventCountry "VIE"]
[SourceTitle "EXT 2023"]
[Source "ChessBase"]
[SourceDate "2022.10.05"]
[SourceVersion "1"]
[SourceVersionDate "2022.10.05"]
[SourceQuality "1"]

1. e4 e5 2. Nf3 Nc6 3. Bc4 Bc5 4. c3 Nf6 5. d3 h6 6. b4 Be7 7. b5 Na5 8. Nxe5 Nxc4 9. Nxc4 d5 10. Ncd2 dxe4 11. dxe4 Bc5 12. 0-0 Bg4 13. Qb3 Be2 14. Re1 Qd3 15. c4 Bd4 16. Bb2 Qxb3 17. axb3 Bxb2 18. Ra2 Bxc4 19. bxc4 Bd4 20. Nb3 0-0-0 21. e5 Bxe5 22. Rxa7 Kb8 23. Ra2 Nd7 24. N1d2 Bf6 25. Nf3 Nb6 26. Rc1 Nxc4 27. Rac2 Na3 28. Rc5 Rd3 29. Na5 Rhd8 30. Kf1 Rd1+ 31. Ke2 Rxc1 32. Rxc1 Rd5 33. Nc4 Nxc4 34. Rxc4 Rxb5 35. Rc2 c5 36. Kd3 Kc7 37. Kc4 Kc6 38. Nd2 Rb2 0-1

[Event "VIE-ch U13 Girls"]
[Site "Hanoi"]
[Date "2022.06.16"]
[Round "8"]
[White "Nguyen, Bao Diep Anh"]
[Black "Tran, Ha Gia Linh"]
[Result "0-1"]
[WhiteElo "2159"]
[BlackElo "2143"]
[PlyCount "88"]
[EventDate "2022.06.11"]
[EventType "swiss"]
[EventRounds "9"]
[EventCountry "VIE"]
[SourceTitle "EXT 2023"]
[Source "ChessBase"]
[SourceDate "2022.10.05"]
[SourceVersion "1"]
[SourceVersionDate "2022.10.05"]
[SourceQuality "1"]

1. d4 d5 2. c4 e6 3. Nc3 Nf6 4. Bg5 Nbd7 5. Nf3 c6 6. e3 Qa5 7. cxd5 Nxd5 8. Qb3 Bb4 9. Rc1 c5 10. a3 Bxc3+ 11. bxc3 a6 12. Bc4 N7b6 13. Bxd5 exd5 14. 0-0 c4 15. Qb2 0-0 16. Bf4 Na4 17. Qa2 Bf5 18. Rfe1 Rfe8 19. h3 h6 20. g4 Be4 21. Ne5 f6 22. Nd7 Re7 23. Nc5 Nxc5 24. dxc5 Qxc5 25. Re2 b5 26. Qb2 Qc6 27. Qb4 Rb7 28. Qd6 Qxd6 29. Bxd6 Kf7 30. Rb2 Ke6 31. Bg3 a5 32. f4 f5 33. g5 h5 34. Rd1 Rab8 35. Rdd2 b4 36. axb4 axb4 37. Rxb4 Rxb4 38. cxb4 Rxb4 39. Ra2 c3 40. Ra6+ Kd7 41. Ra7+ Kc6 42. Rxg7 c2 43. Rg6+ Kc5 44. Rh6 c1Q+ 0-1